Teatro de mujer y culturas del movimiento en América Latina

Shranjeno v:
Bibliografske podrobnosti
Glavni avtor: Martínez de Olcoz, María Nieves (autora)
Format: Knjiga
Jezik:španščina
Izdano: Santiago Cuarto Propio 2000
Serija:Serie Ensayo
Teme:
Oznake: Označite
Brez oznak, prvi označite!

MARC

LEADER 00000nam a2200000 a 4500
001 UCN0725
003 CL-VaPUC
008 010330e20000000CL |||||||||||||||||spa|d
082 0 4 |a 792.015  |b MAR  |2 21 
100 |a Martínez de Olcoz, María Nieves  |e autora  |9 455922 
245 1 0 |a Teatro de mujer y culturas del movimiento en América Latina 
300 |a 265 p 
942 |c BK 
945 |d 20010330 00:00:00  |a cmena 
260 |a Santiago  |b Cuarto Propio  |c 2000 
650 7 |a TEATRO - CRITICA E INTERPRETACION  |2 CL-VaPUC  |9 455923 
650 7 |a MUJERES - TEATRO  |2 CL-VaPUC  |9 455924 
583 |a last modification  |c 20010330 00:00:00  |k Rodrigo Vera 
490 0 |a Serie Ensayo 
999 |c 294358  |d 294356 
952 |0 0  |1 0  |4 0  |6 792_015000000000000_MAR_2000  |7 0  |8 A  |9 346641  |a FDOPOS  |b FDOPOS  |d 2019-11-20  |i 3708551  |o 792.015 MAR 2000  |p 3708551  |r 2025-01-22  |w 2019-11-20  |y BK  |k MLH